00480 2200193 4500001002100000005001500021008004100036020002200077035001900099041000700118082000900125090001600134100001700150700002100167245002100188260002800209300001900237650003000256INLIS00000000002492520241224131824241224||||||||| | ||| |||| || |  a978-623-206-178-1 0010-1224024925 aid0 aNONE a741.5 RUR b0 aRuri Irawati0 aChatarina Hayu P00aBalas Budi Monta aSolobTiga Anandac2019 a32 hlm.; 24 cm 0aKomik -- cerita bergambar